=LDR 00000nam 2200000 4500 =001 000945 =005 20250712012241 =035 ##$$a 0010-0725000823 =007 ta =008 250712################a##########0#ind## =020 ##$$a 978-623-307-015-7 =082 ##$$a 398. 209 598 =084 ##$$a 398. 209 598 SIS f =100 #$$a Siswati, Yovita =245 1#$$a Festival Persahabatan /$c Yovita Siswati =250 ##$$a Cetak ketiga =260 ##$$a Jakarta Timur :$b Badan Pengembangan dan Pembinaan Bahasa,$c 2024 =300 ##$$a 54 hlm. : $b Ilus. ; $c 21 cm =650 #4$$a Cerita anak Indonesia-Terjemahan =600 #4$$a Literasi-Bahan Bacaan =990 ##$$a TBM202400634